Comunidades Autónomas de España por famosos - Estadísticas

Estadísticas generales
  • Esta prueba ha sido intentada 109 veces
  • La puntuación promedio es 12 de 17
Respuestas en el mapa
Las respuestas están codificadas por una escala verde-roja en el mapa de la prueba según el % correcto abajo.
 
Estadísticas de respuestas
Respuesta % Correcto
Salvador Dalí
88%
Federico García Lorca
86%
Fernando Alonso
86%
Rafa Nadal
85%
Rosalía de Castro
84%
Carlos Alcaraz
82%
Isabel la Católica
81%
David Bustamante
69%
Hernán Cortés
69%
Penélope Cruz
69%
Amaia Romero
68%
Santiago Calatrava
58%
Sara Montiel
58%
Francisco de Goya
53%
Miguel de Unamuno
45%
Pepe Viyuela
38%
Benito Pérez Galdós
36%
No se encontraron pruebas coincidentes
Distribución de puntuación
Porcentaje de gente con cada puntuación
Porcentaje por número respondido
Historial de tus puntuaciones
No has intentado esta prueba.